000 00917nam a2200217 4500
999 _c121093
_d121093
001 K 121093
007 ta
008 190815b2019 ||||| |||| 00| 0 eng d
041 _aeng
100 _aConway, Claudia
245 _aFrom placemaking to changing places
490 _aRICS Property Journal
_vMay/June 2019, 38-40 (3)
520 _aAshford Borough Council is using real estate assets to regenerate the area and to create a sustainable funding mechanism for its services. Its current investments in commercial real estate include Park Mall shopping centre, office blocks, industrial units aimed at improving the town centre and surrounding areas.
650 _aAsset management
650 _aLocal authorities
650 _aMasterplan
651 _aUnited Kingdom 1973
690 _96250
_aInvestments
856 _uhttps://issuu.com/ricsmodus/docs/property_journal-may-june_2019-rics/60
942 _2ddc